FFA Creed Paragraph 4 - Statistics

General Stats
  • This quiz has been taken 591 times
  • The average score is 41 of 56
Answer Stats
Hint Answer % Correct
1st word I
100%
2nd word believe
98%
3rd word in
98%
4th word less
91%
5th word dependence
83%
6th word on
83%
8th word and
80%
7th word begging
80%
9th word more
80%
11th word in
79%
10th word power
79%
16th word abundant
77%
12th word bargaining
77%
18th word enough
77%
19th word honest
77%
13th word in
77%
15th word life
77%
14th word the
77%
20th word wealth
77%
17th word and
76%
22nd word help
76%
21st word to
76%
26th word for
74%
24th word it
74%
23rd word make
74%
25th word so
74%
28th word as
73%
30th word as
73%
31st word myself
73%
27th word others
73%
29th word well
73%
32rd word in
71%
33rd word less
70%
34th word need
70%
37th word and
68%
36th word charity
68%
35th word for
68%
40th word it
68%
38th word more
68%
39th word of
68%
42nd word needed
67%
41st word when
67%
47th word and
65%
44th word being
65%
45th word happy
65%
43rd word in
65%
46th word myself
65%
48th word playing
64%
49th word square
64%
50th word with
64%
51st word those
61%
54th word depends
59%
53rd word happiness
59%
56th word me
59%
55th word upon
59%
52nd word whose
59%
No matching quizzes found
Score Distribution
Percent of People with Each Score
Percentile by Number Answered
Your Score History
You have not taken this quiz